Tanzimat Edebiyatı 1. Dönem Eser-Yazar Eşleştirme - Statistics

General Stats
  • This quiz has been taken 2 478 times
  • The average score is 17 of 28
Answer Stats
Eser Yazar % Correct
Şair Evlenmesi İbrahim Şinasi
96%
İntibah Namık Kemal
94%
Cezmi Namık Kemal
81%
Vatan yahut Silistre Namık Kemal
81%
Felâtun Bey ile Râkım Efendi Ahmet Mithat Efendi
75%
Taaşşuk-ı Talat ve Fitnat Şemsettin Sami
74%
Harabat Ziya Paşa
74%
Tahrib-i Harabat Namık Kemal
72%
Tercüman-ı Ahval İbrahim Şinasi
65%
Eş'ar-ı Ziya Ziya Paşa
65%
Zafername Ziya Paşa
63%
Hasan Mellah Ahmet Mithat Efendi
62%
Hüseyin Fellah Ahmet Mithat Efendi
62%
Tercüme-i Manzume İbrahim Şinasi
60%
Dürub-u Emsal-i Osmaniye İbrahim Şinasi
59%
Âkif Bey Namık Kemal
59%
Zavallı Çocuk Namık Kemal
57%
Kamus-ı Türkî/Arabî/Fransevî Şemsettin Sami
57%
Gülnihal Namık Kemal
55%
Celâleddin Harzemşah Namık Kemal
53%
Kara Bela Namık Kemal
53%
Esrar-ı Cinayat Ahmet Mithat Efendi
43%
Seyahat Jurnali Direktör Ali Bey
41%
Avrupa'da Bir Cevelan Ahmet Mithat Efendi
39%
Lehçe-i Osmani Ahmet Vefik Paşa
37%
Kokona Yatıyor Direktör Ali Bey
36%
Veraset Mektupları Ziya Paşa
33%
Tercüman-ı Hakikat Ahmet Mithat Efendi
28%
No matching quizzes found
Score Distribution
Percent of People with Each Score
Percentile by Number Answered
Your Score History
You have not taken this quiz